| 000 | 00705nam a2200253Ia 4500 | ||
|---|---|---|---|
| 003 | OSt | ||
| 005 | 20220918191139.0 | ||
| 006 | a|||||r|||| 00| 0 | ||
| 007 | ta | ||
| 008 | 220917b |||||||| |||| 00| 0 eng d | ||
| 024 | _a61,688 | ||
| 037 | _cTextual | ||
| 040 |
_aARTS _cARTS _beng |
||
| 041 |
_2eng _aeng |
||
| 082 | _aQ22.N8, M5-;1 | ||
| 100 |
_aSiddhantashastree Rabindra Kumar _975087 |
||
| 245 | 0 | _aVaisnavism through the ages | |
| 260 |
_aNew Delhi _bMunshiram Manoharlal _c1981 |
||
| 300 |
_aviii,200p _ccm. |
||
| 500 | _aBibliographyp190-93 | ||
| 650 | _aRELIGION | ||
| 942 |
_hQ22.N8, M5-;1 _cTEXL _2CC |
||
| 999 |
_c188493 _d188493 |
||